[Event "FRA Team Ch"]
[Site "Montpellier"]
[Date "2001.05.01"]
[Round "11.2"]
[White "Koch, Jean-Rene"]
[Black "Bellon Lopez, Juan Manuel"]
[Result "1-0"]
[WhiteElo "2507"]
[BlackElo "2430"]
[Annotator "Mulhouse-Auxerre"]
[PlyCount "102"]
[EventDate "2001.04.??"]

1. e4 c6 2. c4 e5 3. Nf3 f5 4. Nxe5 Qf6 5. d4 d6 6. Nf3 fxe4 7. Qe2 d5 8. Nc3
Bb4 9. Ne5 Ne7 10. Bd2 Nf5 11. cxd5 Nxd4 12. Qxe4 Nc2+ 13. Qxc2 Qxe5+ 14. Be2
O-O 15. O-O Bd6 16. f4 Qd4+ 17. Kh1 Bf5 18. Qb3 Qb6 19. Bc4 Qxb3 20. Bxb3 Kh8
21. Rae1 Nd7 22. dxc6 bxc6 23. Be6 Nc5 24. Bxf5 Rxf5 25. g4 Rf7 26. Ne4 Nxe4
27. Rxe4 Kg8 28. Bc3 h5 29. f5 hxg4 30. Rxg4 Re8 31. f6 Re2 32. Rxg7+ Rxg7 33.
fxg7 Rxh2+ 34. Kg1 Re2 35. Rf5 Re4 36. Kg2 Bb4 37. Kf3 Rh4 38. Bf6 Rh1 39. Kg2
Rh6 40. a3 Rg6+ 41. Kf3 Bd6 42. Bc3 Rg1 43. Ke4 Rg4+ 44. Kd3 c5 45. Rh5 Kf7 46.
Rh8 c4+ 47. Kc2 Rg2+ 48. Kb1 Rg1+ 49. Ka2 Rg4 50. Ra8 Bc5 51. a4 a6 1-0

[Event "FRA Team Ch"]
[Site "Montpellier"]
[Date "2001.05.01"]
[Round "11.3"]
[White "Cramling, Pia"]
[Black "Herb, Pascal"]
[Result "1-0"]
[WhiteElo "2492"]
[BlackElo "2312"]
[Annotator "Auxerre-Mulhouse"]
[PlyCount "59"]
[EventDate "2001.04.??"]

1. d4 Nf6 2. Nf3 e6 3. c4 d5 4. Nc3 Be7 5. Bg5 h6 6. Bxf6 Bxf6 7. e3 O-O 8. Qb3
c6 9. Rd1 Qa5 10. Bd3 dxc4 11. Bxc4 Nd7 12. O-O b6 13. Rfe1 Ba6 14. e4 Bxc4 15.
Qxc4 Rac8 16. Nd2 b5 17. Qd3 Rfd8 18. Nb3 Qb6 19. Qg3 Be7 20. e5 c5 21. d5 c4
22. d6 Bf8 23. Nd4 Nxe5 24. Qxe5 Rc5 25. Qe2 Bxd6 26. Ndxb5 Rxb5 27. Nxb5 Qxb5
28. g3 Qa6 29. Rd4 Rc8 30. Rc1 1-0

[Event "FRA Team Ch"]
[Site "Montpellier"]
[Date "2001.05.01"]
[Round "11.4"]
[White "Marzolo, Cyril"]
[Black "Pira, Davoud"]
[Result "0-1"]
[WhiteElo "2378"]
[BlackElo "2449"]
[Annotator "Mulhouse-Auxerre"]
[PlyCount "40"]
[EventDate "2001.04.??"]

1. d4 Nf6 2. c4 e6 3. Nc3 Bb4 4. Bg5 c5 5. d5 h6 6. Bd2 O-O 7. g3 exd5 8. cxd5
d6 9. Bg2 Re8 10. Qc2 Na6 11. h3 Nc7 12. O-O-O b5 13. e4 Bxc3 14. Bxc3 b4 15.
Bxf6 Qxf6 16. f4 a5 17. e5 Qd8 18. Nf3 a4 19. g4 Nb5 20. Bf1 20... Qa5 {
suite illisible.} 0-1

[Event "FRA Team Ch"]
[Site "Montpellier"]
[Date "2001.05.01"]
[Round "11.5"]
[White "Solozhenkin, Evgeniy"]
[Black "Toulzac, Pierre-Yves"]
[Result "1/2-1/2"]
[WhiteElo "2506"]
[BlackElo "2356"]
[Annotator "Auxerre-Mulhouse"]
[PlyCount "87"]
[EventDate "2001.04.??"]

1. d4 Nf6 2. Nf3 d6 3. c4 g6 4. g3 Bg7 5. Bg2 O-O 6. O-O Nbd7 7. Nc3 e5 8. e4
exd4 9. Nxd4 Re8 10. Re1 a6 11. h3 Rb8 12. Rb1 Ne5 13. b3 c5 14. Nc2 Nc6 15.
Bd2 b5 16. cxb5 axb5 17. b4 Be6 18. bxc5 dxc5 19. Bf4 Qxd1 20. Rexd1 b4 21.
Bxb8 bxc3 22. e5 Nxb8 23. exf6 Bxf6 24. a4 Bf5 25. Rbc1 Bxc2 26. Rxc2 Na6 27.
Bc6 Re6 28. Bd5 Rb6 29. a5 Rb5 30. Bc4 Rxa5 31. Rd7 Ra1+ 32. Kg2 Nb4 33. Re2
Kg7 34. Rxf7+ Kh6 35. Bb3 Rb1 36. Rxf6 Rxb3 37. Rf7 Nd5 38. Rd7 Rb2 39. Re1 Rd2
40. Kf3 Rd3+ 41. Ke4 Rd4+ 42. Kf3 Rd3+ 43. Ke4 Rd4+ 44. Kf3 1/2-1/2

[Event "FRA Team Ch"]
[Site "Montpellier"]
[Date "2001.05.01"]
[Round "11.6"]
[White "Benitah, Yohan"]
[Black "Boudre, Jean-Pierre"]
[Result "1-0"]
[WhiteElo "2345"]
[BlackElo "2355"]
[Annotator "Mulhouse-Auxerre"]
[PlyCount "107"]
[EventDate "2001.04.??"]

1. d4 d5 2. c4 c6 3. Nf3 Nf6 4. e3 Bg4 5. cxd5 Bxf3 6. gxf3 cxd5 7. Qb3 Qd7 8.
Bd2 Nc6 9. Bc3 g6 10. Nd2 Bg7 11. Bg2 O-O 12. O-O e6 13. Rac1 Ne8 14. f4 Nd6
15. a4 Rfc8 16. Bh3 Rc7 17. Rc2 Rac8 18. Rfc1 f5 19. Nf3 Ne4 20. Be1 h6 21. Ne5
Bxe5 22. fxe5 Ng5 23. Bg2 Nf7 24. Qd3 g5 25. b4 Ne7 26. b5 Ng6 27. Rxc7 Rxc7
28. Rxc7 Qxc7 29. Qc3 Qd8 30. Qc5 b6 31. Qc6 Qe7 32. a5 bxa5 33. Bxa5 g4 34.
Bxd5 Ng5 35. Qd6 Qf7 36. Bc6 Kg7 37. Qc7 Ne7 38. Bb4 Nxc6 39. Qxf7+ Kxf7 40.
bxc6 Ke8 41. Kg2 Kd8 42. Ba5+ Kc8 43. Kg3 Ne4+ 44. Kh4 Nxf2 45. d5 exd5 46. e6
Ne4 47. e7 Nd6 48. Kh5 Ne8 49. Kxh6 d4 50. Kg5 dxe3 51. Kxf5 e2 52. Ke6 a6 53.
Kf7 Nd6+ 54. Kf8 1-0

[Event "FRA Team Ch"]
[Site "Montpellier"]
[Date "2001.05.01"]
[Round "11.7"]
[White "Nicoara, Malina"]
[Black "Bonnet, Edouard"]
[Result "0-1"]
[WhiteElo "2258"]
[BlackElo "2154"]
[Annotator "Auxerre-Mulhouse"]
[PlyCount "96"]
[EventDate "2001.04.??"]

1. d4 d5 2. c4 c6 3. Nf3 Nf6 4. Nc3 e6 5. e3 Nbd7 6. Bd3 dxc4 7. Bxc4 b5 8. Be2
Bb7 9. O-O Be7 10. e4 b4 11. e5 bxc3 12. exf6 Bxf6 13. bxc3 O-O 14. Rb1 Qc8 15.
Qa4 e5 16. dxe5 Nxe5 17. Nxe5 Bxe5 18. Qa5 Qf5 19. Qb4 c5 20. Qxb7 Rab8 21.
Qxb8 Rxb8 22. Rxb8+ Bxb8 23. Be3 Bf4 24. Rd1 g6 25. Bxf4 Qxf4 26. Bb5 Qe5 27.
Rd7 Qxc3 28. Bf1 a5 29. Rc7 a4 30. g3 a3 31. Kg2 Qc2 32. h3 Qxa2 33. Rxc5 Qb2
34. Bc4 a2 35. Bxa2 Qxa2 36. h4 h5 37. Rb5 Kg7 38. Rb4 Qd5+ 39. Kg1 Kf6 40. Kf1
Qh1+ 41. Ke2 Qc1 42. Re4 Kf5 43. Re3 f6 44. Kf3 Qh1+ 45. Ke2 Kg4 46. Re6 Kh3
47. Re3 Kg2 48. Rf3 Qf1+ 0-1

[Event "FRA Team Ch"]
[Site "Montpellier"]
[Date "2001.05.01"]
[Round "11.8"]
[White "Libiszewski, Fabien"]
[Black "Chevrier, Thomas"]
[Result "1-0"]
[WhiteElo "2255"]
[BlackElo "2158"]
[Annotator "Mulhouse-Auxerre"]
[PlyCount "75"]
[EventDate "2001.04.??"]

1. e4 e6 2. d3 d5 3. Qe2 Be7 4. Nf3 Nf6 5. g3 O-O 6. Bg2 c5 7. e5 Ne8 8. O-O
Nc6 9. c3 f6 10. Bf4 fxe5 11. Nxe5 Bd6 12. Nxc6 bxc6 13. Bxd6 Nxd6 14. Nd2 Rb8
15. Nf3 Qf6 16. Ne5 Rb6 17. Rae1 Nf7 18. Ng4 Qg6 19. c4 Bd7 20. f4 h5 21. Ne3
Nd6 22. Bh3 h4 23. Ng4 Nf5 24. Ne5 Qe8 25. g4 Nd4 26. Qf2 Bc8 27. b3 Ra6 28. b4
g5 29. bxc5 Rxf4 30. Qb2 Qf8 31. Ng6 Qxc5 32. Qb8 Rxa2 33. Qxc8+ Kg7 34. Kh1
Kxg6 35. Qg8+ Kh6 36. Rxf4 gxf4 37. g5+ Kh5 38. Qf7+ 1-0

[Event "FRA Team Ch"]
[Site "Montpellier"]
[Date "2001.05.01"]
[Round "11.9"]
[White "Landre, Tristan"]
[Black "Muller, Anne"]
[Result "0-1"]
[WhiteElo "2000"]
[BlackElo "2208"]
[Annotator "Auxerre-Mulhouse"]
[PlyCount "82"]
[EventDate "2001.04.??"]

1. e4 c5 2. Nc3 Nc6 3. g3 g6 4. Bg2 Bg7 5. d3 d6 6. Be3 Rb8 7. Qd2 b5 8. f4 b4
9. Nd1 e5 10. Nf3 exf4 11. Bxf4 Nge7 12. O-O O-O 13. c3 bxc3 14. bxc3 Ba6 15.
Bh6 Ne5 16. Bxg7 Kxg7 17. Nxe5 dxe5 18. Nf2 Qa5 19. Ng4 Ng8 20. Nxe5 Qc7 21.
Qf4 Rb7 22. Bh3 f6 23. Nc4 Bxc4 24. dxc4 Qxf4 25. gxf4 Re8 26. Rfd1 Nh6 27. Rd2
Nf7 28. Rad1 Rbe7 29. Bd7 Rd8 30. Bc6 Rxd2 31. Rxd2 g5 32. Rd5 gxf4 33. Rxc5
Rc7 34. Ra5 Rxc6 35. Rxa7 Rxc4 36. a4 Rxc3 37. a5 Ra3 38. a6 Kg6 39. Ra8 Ne5
40. Kf2 Ra2+ 41. Ke1 f3 0-1

[Event "FRA Team Ch"]
[Site "Montpellier"]
[Date "2001.05.01"]
[Round "11.2"]
[White "Rausis, Igor"]
[Black "Adams, Michael"]
[Result "1/2-1/2"]
[WhiteElo "2525"]
[BlackElo "2746"]
[Annotator "Gonfreville-Monaco"]
[PlyCount "25"]
[EventDate "2001.04.??"]

1. d4 Nf6 2. c4 e6 3. g3 d5 4. Bg2 dxc4 5. Nf3 Nc6 6. Qa4 Bb4+ 7. Bd2 Nd5 8.
Bxb4 Ndxb4 9. O-O Rb8 10. Nc3 a6 11. Ne5 O-O 12. Bxc6 Nxc6 13. Nxc6 1/2-1/2

[Event "FRA Team Ch"]
[Site "Montpellier"]
[Date "2001.05.01"]
[Round "11.3"]
[White "Hauchard, Arnaud"]
[Black "Gouret, Thierry"]
[Result "1/2-1/2"]
[WhiteElo "2527"]
[BlackElo "2322"]
[Annotator "Monaco-Gonfreville"]
[PlyCount "64"]
[EventDate "2001.04.??"]

1. e4 e5 2. Nf3 Nc6 3. Bb5 Nge7 4. c3 g6 5. d4 exd4 6. cxd4 d5 7. exd5 Nxd5 8.
O-O Bg7 9. Re1+ Be6 10. Nc3 O-O 11. h3 h6 12. Ne4 Nde7 13. Be3 a6 14. Ba4 Nf5
15. Nc5 Bd5 16. Nxb7 Qb8 17. Bxc6 Bxc6 18. Na5 Bd5 19. b3 Qb5 20. Nc4 Bxc4 21.
bxc4 Qxc4 22. Qc1 Qd5 23. Qxc7 Rac8 24. Qf4 Rc4 25. Nd2 Nxe3 26. fxe3 Rc2 27.
Qf3 Qxf3 28. Nxf3 Rb8 29. Rec1 Re2 30. Re1 Rc2 31. Rec1 Re2 32. Re1 Rc2 1/2-1/2

[Event "FRA Team Ch"]
[Site "Montpellier"]
[Date "2001.05.01"]
[Round "11.4"]
[White "Vallin, Guillaume"]
[Black "Kosten, Anthony C"]
[Result "1/2-1/2"]
[WhiteElo "2396"]
[BlackElo "2519"]
[Annotator "Gonfreville-Monaco"]
[PlyCount "97"]
[EventDate "2001.04.??"]

1. d4 Nf6 2. c4 e6 3. Nc3 Bb4 4. e3 O-O 5. Bd3 d5 6. a3 Bxc3+ 7. bxc3 dxc4 8.
Bxc4 c5 9. Nf3 Qa5 10. Bb2 cxd4 11. exd4 b6 12. O-O Ba6 13. Bxa6 Qxa6 14. Rc1
b5 15. a4 bxa4 16. Ra1 Qb5 17. Qc2 Qb3 18. Rfc1 Nbd7 19. Nd2 Qb7 20. c4 Rfc8
21. Rxa4 Nb6 22. Ra3 Nbd5 23. Qb3 Qxb3 24. Rxb3 Ne7 25. Ra1 Rc7 26. Ra6 Nd7 27.
Kf1 Nf5 28. g4 Ne7 29. Ba3 Nc8 30. Ke2 Rb8 31. Kd3 h5 32. g5 Kh7 33. f4 Rcb7
34. Rxb7 Rxb7 35. d5 exd5 36. cxd5 Ncb6 37. d6 f6 38. Ra5 Kg6 39. Nf3 Kf7 40.
h4 Nd5 41. Ke4 Nc3+ 42. Kd4 Nb5+ 43. Kd5 Rb6 44. Bc5 Nxc5 45. Kxc5 Nxd6 46.
Rxa7+ Rb7 47. Rxb7+ Nxb7+ 48. Kd5 Kg6 49. Nd4 1/2-1/2

[Event "FRA Team Ch"]
[Site "Montpellier"]
[Date "2001.05.01"]
[Round "11.5"]
[White "Miralles, Gilles"]
[Black "Eliet, Nicolas"]
[Result "1/2-1/2"]
[WhiteElo "2473"]
[BlackElo "2398"]
[Annotator "Monaco-Gonfreville"]
[PlyCount "73"]
[EventDate "2001.04.??"]

1. e4 d6 2. d4 Nf6 3. Nc3 Nbd7 4. Nf3 e5 5. Bc4 Be7 6. O-O O-O 7. Re1 c6 8. a4
b6 9. h3 Bb7 10. Bd3 a6 11. b3 Re8 12. Bb2 Bf8 13. Qd2 exd4 14. Nxd4 b5 15. Nf5
h6 16. Rad1 Nc5 17. Qf4 Bc8 18. Re3 Bxf5 19. Qxf5 Nxd3 20. Rdxd3 g6 21. Qf4 Nd7
22. h4 Ne5 23. Rd1 h5 24. Ne2 Qe7 25. Ba3 Rad8 26. Nd4 Kh7 27. Qg3 Bh6 28. Ree1
Qf6 29. Bc1 Bxc1 30. Rxc1 c5 31. Ne2 bxa4 32. bxa4 Ng4 33. Nc3 Qe5 34. Qxe5
Nxe5 35. Nd5 Kg7 36. Rb1 Nc4 37. f3 1/2-1/2

[Event "FRA Team Ch"]
[Site "Montpellier"]
[Date "2001.05.01"]
[Round "11.6"]
[White "Lefebvre, Herve"]
[Black "Marciano, David"]
[Result "0-1"]
[WhiteElo "2173"]
[BlackElo "2506"]
[Annotator "Gonfreville-Monaco"]
[PlyCount "148"]
[EventDate "2001.04.??"]

1. d4 Nf6 2. c4 e6 3. Nc3 Bb4 4. e3 O-O 5. Bd3 c5 6. Nge2 d5 7. cxd5 cxd4 8.
exd4 Nxd5 9. O-O Nc6 10. a3 Bd6 11. Bc2 Qh4 12. g3 Qh5 13. Be4 Rd8 14. Bg2 Nxc3
15. Nxc3 Qxd1 16. Rxd1 Be7 17. d5 Na5 18. Bf4 Nb3 19. Rab1 e5 20. Bxe5 Bg4 21.
Rd3 Nc5 22. Rd4 Bf5 23. Rbd1 Rac8 24. d6 Bf8 25. Nd5 Re8 26. Bf4 Bg4 27. Rc1
Ne6 28. d7 Nxd4 29. dxc8=Q Bxc8 30. Nc3 Nb3 31. Rf1 h6 32. Bd5 Nd4 33. Be3 Nc6
34. Rd1 Bg4 35. Rd2 Bh3 36. Bg2 Bxg2 37. Kxg2 a6 38. Rd7 Re7 39. Rxe7 Bxe7 40.
Kf3 f5 41. h4 Kf7 42. Ke2 Ke6 43. Na4 g5 44. hxg5 hxg5 45. Nc5+ Bxc5 46. Bxc5
Kd5 47. Be3 g4 48. Kd3 Ne5+ 49. Kc3 Ke4 50. a4 Nd3 51. Bb6 Ne1 52. b3 Nf3 53.
Ba7 Ng1 54. Bb6 Nh3 55. Kd2 Kf3 56. Ke1 Ng5 57. Be3 Ne4 58. Bb6 Nc3 59. Bd4 Ne2
60. Bb2 f4 61. gxf4 Nxf4 62. Kf1 Ne6 63. b4 b5 64. axb5 axb5 65. Bf6 Nf4 66.
Bc3 Nd3 67. Be1 Nxe1 68. Kxe1 Ke4 69. Kf1 Kd3 70. Kg2 Kc4 71. Kg3 Kxb4 72. Kxg4
Kc4 73. f4 b4 74. f5 Kd5 0-1

[Event "FRA Team Ch"]
[Site "Montpellier"]
[Date "2001.05.01"]
[Round "11.7"]
[White "Relange, Eloi"]
[Black "Vaugeois, Cyrille"]
[Result "1-0"]
[WhiteElo "2484"]
[BlackElo "2106"]
[Annotator "Monaco-Gonfreville"]
[PlyCount "59"]
[EventDate "2001.04.??"]

1. d4 Nf6 2. Nf3 g6 3. c4 Bg7 4. g3 c5 5. Bg2 O-O 6. O-O cxd4 7. Nxd4 Nc6 8.
Nc2 d6 9. Nc3 Be6 10. b3 Nd7 11. Bd2 Nb6 12. e4 Qd7 13. Qe2 Rfc8 14. Rac1 Ne5
15. Ne3 Nc6 16. Rfe1 Nd4 17. Qd1 Rab8 18. Ncd5 Qd8 19. Ba5 Nc6 20. Nxb6 axb6
21. Bc3 Bxc3 22. Rxc3 b5 23. cxb5 Qa5 24. Qd2 Qxb5 25. Nd5 Bxd5 26. exd5 Nb4
27. a4 Qb6 28. Rxe7 Na6 29. Qf4 Rf8 30. Rf3 1-0

[Event "FRA Team Ch"]
[Site "Montpellier"]
[Date "2001.05.01"]
[Round "11.8"]
[White "Gervais, Claire"]
[Black "Efimov, Igor"]
[Result "0-1"]
[WhiteElo "2170"]
[BlackElo "2465"]
[Annotator "Gonfreville-Monaco"]
[PlyCount "114"]
[EventDate "2001.04.??"]

1. d4 e6 2. c4 Nf6 3. Nc3 Bb4 4. Qc2 c5 5. dxc5 Bxc5 6. Nf3 b6 7. Bg5 h6 8. Bh4
Bb7 9. e3 Be7 10. Rd1 a6 11. Bg3 O-O 12. Be2 d6 13. Qd2 Ne8 14. O-O Nd7 15. Nd4
Rc8 16. f3 Qc7 17. Rc1 Nef6 18. Rfd1 Rfd8 19. Qe1 Qb8 20. Nc2 Ne5 21. b3 Ng6
22. Na4 Ba8 23. Qb4 b5 24. cxb5 Nd5 25. Qa5 axb5 26. Qxb5 Qa7 27. Bf2 Bc6 28.
Qa6 Qxa6 29. Bxa6 Ra8 30. Bc4 Bxa4 31. Bxd5 exd5 32. bxa4 Rxa4 33. Nd4 Bf6 34.
Nc6 Rc8 35. Nd4 Rxc1 36. Rxc1 Rxa2 37. Nf5 Ne5 38. Rd1 Nc4 39. h3 Ra5 40. Nd4
Bg5 41. f4 Bf6 42. Nc6 Rb5 43. Na7 Rb7 44. Nc6 Rb6 45. Na7 d4 46. exd4 d5 47.
Nc8 Ra6 48. Re1 Kf8 49. Rb1 g6 50. Rb8 Kg7 51. Rb5 Ra8 52. Rc5 Ra1+ 53. Kh2 Rf1
54. Bg3 Bxd4 55. Rxd5 Bg1+ 56. Kh1 Ne3 57. Rd3 Rc1 0-1

[Event "FRA Team Ch"]
[Site "Montpellier"]
[Date "2001.05.01"]
[Round "11.9"]
[White "Te-Lallemand, Roza"]
[Black "Nguyen, Kim-Thomas"]
[Result "1/2-1/2"]
[WhiteElo "2291"]
[BlackElo "1890"]
[Annotator "Monaco-Gonfreville"]
[PlyCount "81"]
[EventDate "2001.04.??"]

1. e4 e6 2. d4 d5 3. Nc3 Nf6 4. Bg5 Bb4 5. e5 h6 6. Bd2 Bxc3 7. bxc3 Ne4 8. Bd3
Nxd2 9. Qxd2 c5 10. f4 Nc6 11. Nf3 Qb6 12. Be2 Bd7 13. O-O cxd4 14. cxd4 Rc8
15. Rab1 Qa5 16. c3 Qc7 17. Bd3 Na5 18. Rbc1 Nc4 19. Qf2 O-O 20. Nh4 Bb5 21. f5
Na3 22. Rfd1 Qa5 23. Qe2 a6 24. f6 Rxc3 25. Qg4 g5 26. Qh5 Rxc1 27. Rxc1 Qd2
28. Rd1 Qe3+ 29. Kh1 gxh4 30. Bxb5 Nxb5 31. Qxh4 Rc8 32. h3 Rc1 33. Qg4+ Kf8
34. Qg7+ Ke8 35. Qg8+ Kd7 36. Qxf7+ Kc8 37. Qxe6+ Kc7 38. Qg4 Rxd1+ 39. Qxd1
Nxd4 40. f7 Ne6 41. Qc2+ 1/2-1/2

[Event "FRA Team Ch"]
[Site "Montpellier"]
[Date "2001.05.01"]
[Round "11.1"]
[White "Bacrot, Etienne"]
[Black "Varga, Peter"]
[Result "1/2-1/2"]
[WhiteElo "2618"]
[BlackElo "2464"]
[Annotator "Cannes-Strasbourg"]
[PlyCount "103"]
[EventDate "2001.04.??"]

1. d4 d5 2. c4 c6 3. Nf3 Nf6 4. e3 Bf5 5. Nc3 e6 6. Nh4 Be4 7. f3 Bg6 8. Qb3
Qc7 9. Bd2 Nbd7 10. cxd5 Nxd5 11. e4 N5b6 12. g3 Be7 13. Be2 Qd6 14. Be3 Qb4
15. Qxb4 Bxb4 16. a3 Be7 17. Nxg6 hxg6 18. f4 f5 19. a4 a5 20. Kf2 Kf7 21. h4
Bb4 22. e5 Nd5 23. Nxd5 cxd5 24. Rac1 Rhc8 25. g4 fxg4 26. Bxg4 Nf8 27. Be2 Ke8
28. Kf3 Be7 29. Bd3 Rxc1 30. Rxc1 Kd7 31. Bf2 Rc8 32. Rg1 Ke8 33. h5 gxh5 34.
Rxg7 Rc1 35. Be3 Ra1 36. Bd2 b6 37. Be3 h4 38. f5 exf5 39. Bxf5 Rxa4 40. e6 Ra1
41. Kg2 h3+ 42. Kxh3 Re1 43. Rg3 Bf6 44. Bg4 Ke7 45. Bf2 Re4 46. Rb3 Nxe6 47.
Rxb6 Ng5+ 48. Kg3 Bxd4 49. Bxd4 Rxd4 50. Bf5 Rb4 51. Ra6 Ne4+ 52. Bxe4 1/2-1/2

[Event "FRA Team Ch"]
[Site "Montpellier"]
[Date "2001.05.01"]
[Round "11.3"]
[White "Gallagher, Joseph"]
[Black "Roos, Daniel"]
[Result "1/2-1/2"]
[WhiteElo "2519"]
[BlackElo "2404"]
[Annotator "Cannes-Strasbourg"]
[PlyCount "184"]
[EventDate "2001.04.??"]

1. e4 c6 2. d4 d5 3. Nc3 dxe4 4. Nxe4 Bf5 5. Ng3 Bg6 6. Nf3 Nd7 7. Bc4 e6 8.
O-O Ngf6 9. Re1 Be7 10. Nh4 Qc7 11. c3 Nd5 12. Nxg6 hxg6 13. Qf3 N7f6 14. Bd3
b5 15. a4 Rc8 16. Bg5 a6 17. c4 bxc4 18. Bxc4 Nb4 19. Rac1 Nfd5 20. Bd2 a5 21.
h3 O-O 22. Ne4 Rfd8 23. Red1 Qa7 24. b3 Na2 25. Ra1 Nab4 26. Rac1 Na2 27. Rc2
Nab4 28. Rb2 Rd7 29. Bg5 Rcd8 30. Qg3 Nf6 31. Bxf6 Bxf6 32. Re2 Qb8 33. Qg4
Bxd4 34. Red2 Qe5 35. Kh1 Kf8 36. Ng5 c5 37. Qh4 Nd5 38. Bb5 Rd6 39. Ne4 g5 40.
Nxg5 Qf4 41. Qxf4 Nxf4 42. Ne4 Rd5 43. Bc4 Rb8 44. g3 Re5 45. Nd6 Nd5 46. Nb5
Nc3 47. Nxc3 Bxc3 48. Rd7 Re1+ 49. Rxe1 Bxe1 50. Kg2 Ke8 51. Rd1 Bc3 52. Bb5+
Kf8 53. Rd7 Bf6 54. Ra7 Bc3 55. Rc7 Bd4 56. f4 Rd8 57. Kf3 g6 58. g4 Bc3 59.
Rxc5 Bb4 60. Rc7 Rd4 61. Ke3 Rd1 62. f5 exf5 63. gxf5 gxf5 64. Bc4 Re1+ 65. Kf3
Re7 66. Rc6 Bd2 67. Rd6 Bc3 68. Rd3 Bb4 69. Rd5 Kg7 70. Rxf5 f6 71. Rd5 Re5 72.
Rd7+ Re7 73. Rd8 Re5 74. Rg8+ Kh7 75. Ra8 Kg7 76. Ra6 Kg6 77. Bd3+ Kg7 78. Be4
Re7 79. Rc6 Re5 80. Rc7+ Re7 81. Rc2 Re5 82. Rc7+ Re7 83. Rc1 Re5 84. h4 f5 85.
Bd3 Bc5 86. Bc4 Kf6 87. Rc3 Kg6 88. Be2 Kf6 89. Bd1 Rd5 90. Bc2 Bb4 91. Rc8 Rc5
92. Rxc5 Bxc5 1/2-1/2

[Event "FRA Team Ch"]
[Site "Montpellier"]
[Date "2001.05.01"]
[Round "11.4"]
[White "Herbrechtsmeier, Christof"]
[Black "Kazhgaleyev, Murtas"]
[Result "1/2-1/2"]
[WhiteElo "2336"]
[BlackElo "2571"]
[Annotator "Strasbourg-Cannes"]
[PlyCount "117"]
[EventDate "2001.04.??"]

1. e4 d6 2. d4 Nf6 3. Nc3 g6 4. Bc4 c6 5. Qe2 b5 6. Bd3 e5 7. dxe5 dxe5 8. f4
Bg7 9. Nf3 exf4 10. e5 Nh5 11. Nxb5 O-O 12. Nd6 Bg4 13. O-O Nd7 14. Nc4 Re8 15.
Qe4 Bxf3 16. Qxf3 Nxe5 17. Nxe5 Bxe5 18. c3 Bd6 19. b4 Bc7 20. Bc4 Qh4 21. h3
Rad8 22. a4 Ng3 23. Bxf4 Bb6+ 24. Kh2 Nxf1+ 25. Rxf1 Qe7 26. Bg3 Rf8 27. Kh1
Bc7 28. Re1 Qd7 29. Bh4 Qd6 30. g3 Rd7 31. Kg2 Bd8 32. Bxd8 Rfxd8 33. Rf1 Kg7
34. Rf2 Qe5 35. Qxc6 Rd2 36. Qf3 f5 37. Bf1 Rxf2+ 38. Qxf2 Qxc3 39. Qxa7+ Kh6
40. Qe7 Qc6+ 41. Kf2 Qb6+ 42. Qe3+ Qxe3+ 43. Kxe3 Rb8 44. Bb5 g5 45. Kd4 f4 46.
gxf4 gxf4 47. Kc5 f3 48. Bf1 Rc8+ 49. Kb6 Rc1 50. Bb5 Rb1 51. Kc5 Rc1+ 52. Kb6
Rb1 53. Kc5 Re1 54. Kd4 Rd1+ 55. Kc5 Rd8 56. Bf1 Rd1 57. Bb5 Rd8 58. Bf1 Rd1
59. Bb5 1/2-1/2

[Event "FRA Team Ch"]
[Site "Montpellier"]
[Date "2001.05.01"]
[Round "11.5"]
[White "Godena, Michele"]
[Black "Maier, Christian"]
[Result "1/2-1/2"]
[WhiteElo "2474"]
[BlackElo "2372"]
[Annotator "Cannes-Strasbourg"]
[PlyCount "109"]
[EventDate "2001.04.??"]

1. e4 e6 2. d4 d5 3. Nd2 Nf6 4. e5 Nfd7 5. Bd3 c5 6. c3 Nc6 7. Ne2 cxd4 8. cxd4
f6 9. exf6 Qxf6 10. Nf3 Bd6 11. Bg5 Qf7 12. Bh4 e5 13. dxe5 Ndxe5 14. Nxe5 Bxe5
15. Qd2 O-O 16. O-O Bg4 17. f3 Bh5 18. Rad1 Qc7 19. Bg3 Bf7 20. Bxe5 Qxe5 21.
Bb5 Rfd8 22. Nd4 Nxd4 23. Qxd4 Qxd4+ 24. Rxd4 Rac8 25. Ba4 a5 26. Rfd1 Rc5 27.
R1d2 Kf8 28. a3 Ke7 29. Kf2 Kd6 30. Bc2 Bg8 31. Rg4 Rd7 32. Rf4 Rdc7 33. Bd3 h6
34. h4 Be6 35. Ke3 Ke5 36. Ra4 b6 37. Re2 Bd7 38. Kd2+ Kd6 39. Rf4 Bb5 40. Rg4
Bxd3 41. Kxd3 Rc4 42. Rg6+ Kc5 43. h5 Rd4+ 44. Ke3 b5 45. b3 Re7+ 46. Kf2 Rxe2+
47. Kxe2 a4 48. bxa4 Rxa4 49. Rxg7 Rxa3 50. g4 Kd4 51. f4 Ke4 52. g5 Ra2+ 53.
Kd1 Kxf4 54. gxh6 Rh2 55. Rb7 1/2-1/2

[Event "FRA Team Ch"]
[Site "Montpellier"]
[Date "2001.05.01"]
[Round "11.6"]
[White "Roos, Louis"]
[Black "Chabanon, Jean-Luc"]
[Result "0-1"]
[WhiteElo "2381"]
[BlackElo "2461"]
[Annotator "Strasbourg-Cannes"]
[PlyCount "104"]
[EventDate "2001.04.??"]

1. c4 c5 2. Nc3 g6 3. g3 Bg7 4. Bg2 Nc6 5. d3 Nf6 6. Nf3 Rb8 7. O-O d6 8. a3
O-O 9. Bd2 b6 10. b4 Qd7 11. b5 Nd8 12. a4 a5 13. bxa6 Bxa6 14. Rb1 Nc6 15. Ne1
e6 16. Nc2 d5 17. cxd5 exd5 18. Bf4 Rb7 19. Bg5 d4 20. Bxf6 Bxf6 21. Nd5 Bd8
22. Na3 Ne5 23. h3 Rb8 24. f4 Bb7 25. Rxb6 Nc6 26. Nc4 Nb4 27. Rd6 Qe8 28. f5
Bxd5 29. Bxd5 Nxd5 30. Rxd5 Bc7 31. Qd2 f6 32. fxg6 hxg6 33. Rxc5 Bxg3 34. Kg2
Bh4 35. Rc7 Bg5 36. Qa5 Qxe2+ 37. Rf2 Qe6 38. Qa7 Qd5+ 39. Rf3 Rfe8 40. Rg7+
Kf8 41. Rxg6 Rb7 42. Qa6 Bh4 43. Rgxf6+ Kg8 44. Qd6 Re2+ 45. Kf1 Re1+ 46. Kg2
Qxd6 47. Nxd6 Rg7+ 48. Kh2 Bxf6 49. Rxf6 Re2+ 50. Kh1 Re3 51. Rh6 Rxd3 52. Nf5
Rg5 0-1

[Event "FRA Team Ch"]
[Site "Montpellier"]
[Date "2001.05.01"]
[Round "11.7"]
[White "Fontaine, Robert"]
[Black "Mensch, Etienne"]
[Result "1-0"]
[WhiteElo "2451"]
[BlackElo "2313"]
[Annotator "Cannes-Strasbourg"]
[PlyCount "61"]
[EventDate "2001.04.??"]

1. e4 d6 2. d4 Nf6 3. Nc3 Nbd7 4. g4 h6 5. h3 e5 6. Bg2 c6 7. Nge2 b5 8. a3 Bb7
9. O-O a5 10. Ng3 g6 11. Be3 h5 12. g5 Nh7 13. h4 f6 14. dxe5 dxe5 15. Bh3 fxg5
16. Nxh5 Bc8 17. Qf3 gxh4 18. Qg4 Qe7 19. Qxg6+ Qf7 20. Qxc6 Qxh5 21. Qxa8 Kd8
22. Bxd7 Kxd7 23. Rad1+ Bd6 24. Kh2 Nf6 25. f3 Rg8 26. Nxb5 Ne8 27. Nxd6 Nxd6
28. Rxd6+ Ke7 29. Qa7+ Kxd6 30. Bc5+ Kc6 31. Qb6+ 1-0

[Event "FRA Team Ch"]
[Site "Montpellier"]
[Date "2001.05.01"]
[Round "11.8"]
[White "Roos, Jean-Luc"]
[Black "Anic, Darko"]
[Result "1/2-1/2"]
[WhiteElo "2264"]
[BlackElo "2469"]
[Annotator "Strasbourg-Cannes"]
[PlyCount "95"]
[EventDate "2001.04.??"]

1. d4 c6 2. c4 f5 3. g3 Nf6 4. Bg2 g6 5. Nc3 Bg7 6. Qb3 d6 7. Nf3 Na6 8. Bf4
Nc7 9. Rd1 Ne6 10. Bc1 O-O 11. O-O Kh8 12. Ng5 Qc7 13. d5 Nxg5 14. Bxg5 h6 15.
Bd2 e5 16. dxe6 Bxe6 17. Bf4 Qf7 18. Bxd6 Bxc4 19. Qc2 Rfe8 20. b3 Nd5 21. Bxd5
Bxd5 22. Nxd5 cxd5 23. e3 Rad8 24. Ba3 d4 25. exd4 f4 26. d5 f3 27. Bb2 Rd6 28.
Bxg7+ Kxg7 29. Qc3+ Kh7 30. Rd3 Rf8 31. Re1 Rxd5 32. Rxf3 Qxf3 33. Re7+ Qf7 34.
Qc7 Rf5 35. Qxb7 Rxf2 36. Qxa7 Qxe7 37. Qxe7+ R8f7 38. Qe6 Kg7 39. Qe5+ Kh7 40.
Qe4 h5 41. Qc6 R7f5 42. a4 Rd2 43. Qc7+ Kh6 44. Qe7 Rd1+ 45. Kg2 Rd2+ 46. Kg1
Rd1+ 47. Kg2 Rd2+ 48. Kg1 1/2-1/2

[Event "FRA Team Ch"]
[Site "Montpellier"]
[Date "2001.05.01"]
[Round "11.9"]
[White "Leconte, Maria"]
[Black "Chapelle, Emilie"]
[Result "1/2-1/2"]
[WhiteElo "2258"]
[BlackElo "2060"]
[Annotator "Cannes-Strasbourg"]
[PlyCount "119"]
[EventDate "2001.04.??"]

1. e4 c5 2. Nf3 d6 3. d4 cxd4 4. Nxd4 Nf6 5. Nc3 g6 6. Be2 Bg7 7. O-O O-O 8.
Bg5 Nc6 9. Nb3 Be6 10. Kh1 Nd7 11. f4 Nb6 12. Rb1 Bc4 13. Nd5 Re8 14. c3 f6 15.
Bh4 e6 16. Ne3 Bxe2 17. Qxe2 Qc7 18. Rbd1 Rad8 19. Ng4 Nd7 20. Rd2 h5 21. Ne3
Nc5 22. Nxc5 dxc5 23. Rxd8 Rxd8 24. f5 exf5 25. exf5 g5 26. Bg3 Qf7 27. h4 g4
28. Bf4 Bf8 29. Rd1 Qxa2 30. Nd5 Kh8 31. Qe6 Bg7 32. Qf7 Qb3 33. Qxh5+ Kg8 34.
Ne7+ Kf8 35. Rxd8+ Nxd8 36. Ng6+ Kg8 37. Qxg4 Qxb2 38. h5 Nf7 39. Ne7+ Kf8 40.
Ng6+ Ke8 41. Qh3 Qb1+ 42. Kh2 Qe4 43. h6 Bxh6 44. Bxh6 Nxh6 45. Qxh6 Qxf5 46.
c4 Kd8 47. Qd2+ Ke8 48. Nf4 Qh7+ 49. Kg3 Qg8+ 50. Kf3 Qxc4 51. Qb2 Qf1+ 52. Ke4
Qa6 53. Kf5 Kf7 54. Qd2 Qc6 55. Qd5+ Qxd5+ 56. Nxd5 b5 57. Ke4 a5 58. Nc7 b4
59. Kd3 Ke7 60. Kc4 1/2-1/2